|
|
|
|
| LEADER |
00000nam0a2200000 4500 |
| 001 |
243346 |
| 005 |
20231101231949.0 |
| 010 |
|
|
|a 9785160055510
|
| 035 |
|
|
|a (RuTPU)RU\TPU\book\264688
|
| 090 |
|
|
|a 243346
|
| 100 |
|
|
|a 20130925d2014 m y0rusy50 ca
|
| 101 |
0 |
|
|a rus
|
| 102 |
|
|
|a RU
|
| 105 |
|
|
|a a j 001zy
|
| 200 |
1 |
|
|a Специальные способы разработки месторождений
|e учебное пособие
|f В. И. Голик
|
| 210 |
|
|
|a Москва
|c Инфра-М
|d 2014
|
| 215 |
|
|
|a 132 с.
|c ил.
|
| 225 |
1 |
|
|a Высшее образование. Бакалавриат
|
| 320 |
|
|
|a Библиогр.: с. 126-130.
|
| 330 |
|
|
|a Изложены аспекты добычи полезных ископаемых в рамках учебных программ для студентов горных и геологических специальностей. Приводятся сведения об истории и дается общая характеристика специальных способов разработки полезных ископаемых. Излагаются теоретические основы и практика использования специальных технологий. Описываются технологии шахтного, кучного и скважинного выщелачивания металлов. Рассматриваются способы и перспективы комбинирования традиционных и специальных технологий разработки месторождений. Рассматриваются вопросы истории, развития и перспектив совершенствования технологии газификации угля, возгонки ртути и перегонки углеводородов, выпаривания и растворения соли, гидровымывания и скважинной гидродобычи минерального сырья, добычи полезных ископаемых со дна моря и с континентального шельфа, использования ядерных взрывов в горном деле, извлечения металлов из растворов природного выщелачивания.Учебное пособие предназначено для студентов и преподавателей вузов, горных инженеров и широкого круга читателей.
|
| 606 |
1 |
|
|a Месторождения полезных ископаемых
|x Разработка
|2 stltpush
|3 (RuTPU)RU\TPU\subj\42242
|9 61929
|
| 610 |
1 |
|
|a специальные способы
|
| 610 |
1 |
|
|a применение
|
| 610 |
1 |
|
|a металлы
|
| 610 |
1 |
|
|a выщелачивание
|
| 610 |
1 |
|
|a добыча
|
| 610 |
1 |
|
|a химическое взаимодействие
|
| 610 |
1 |
|
|a тепловое воздействие
|
| 610 |
1 |
|
|a гидравлическое воздействие
|
| 610 |
1 |
|
|a морские месторождения
|
| 610 |
1 |
|
|a ядерные взрывы
|
| 610 |
1 |
|
|a гидрометаллургические процессы
|
| 610 |
1 |
|
|a инновационные технологии
|
| 610 |
1 |
|
|a параметры
|
| 610 |
1 |
|
|a расчет
|
| 610 |
1 |
|
|a учебные пособия
|
| 675 |
|
|
|a 622.2(075.8)
|v 3
|
| 700 |
|
1 |
|a Голик
|b В. И.
|g Владимир Иванович
|
| 801 |
|
1 |
|a RU
|b 63413507
|c 20130925
|
| 801 |
|
2 |
|a RU
|b 63413507
|c 20220809
|g RCR
|
| 942 |
|
|
|c BK
|
| 959 |
|
|
|a 127/20130924
|d 5
|e 139,90
|f ЧЗТЛ:1
|f АНЛ:1
|f УФ:3
|